Lippincott Nursing Procedures (Record no. 158188)

MARC details
000 -LEADER
fixed length control field 00394nam a2200145Ia 4500
008 - FIXED-LENGTH DATA ELEMENTS--GENERAL INFORMATION
fixed length control field 230411s9999 xx 000 0 und d
020 ## - INTERNATIONAL STANDARD BOOK NUMBER
International Standard Book Number 978-1-4511-4633-2
041 ## - LANGUAGE CODE
Language code of text/sound track or separate title eng
082 ## - DEWEY DECIMAL CLASSIFICATION NUMBER
Classification number F/610.73/ECK/B08520
100 ## - MAIN ENTRY--PERSONAL NAME
Personal name Eckman Margaret ed
9 (RLIN) 179928
245 ## - TITLE STATEMENT
Title Lippincott Nursing Procedures
260 ## - PUBLICATION, DISTRIBUTION, ETC. (IMPRINT)
Name of publisher, distributor, etc. Wolters Kluwer
Place of publication, distribution, etc. Philadelphia
Date of publication, distribution, etc. 2013
300 ## - PHYSICAL DESCRIPTION
Extent 825p
Holdings
Withdrawn status Lost status Damaged status Not for loan Collection code Home library Current library Date acquired Vendor Cost, normal purchase price Bill number Full call number Barcode Date last seen Cost, replacement price Bill Date Koha item type Original Barcode
      Reference   Smt. Bakul Tambat Institute of Nursing Education Smt. Bakul Tambat Institute of Nursing Education 30/03/2017 Samutkarsh 3445.20 1432 F 610.73 ECK B08520 BTIN-BK-8520 11/04/2023 2515.00 30/03/2017 Books B08520